Animals by Taxonomy - Statistics

General Stats
  • This quiz has been taken 223 times
    153 since last reset
  • The average score is 19 of 30
Answer Stats
Hint Answer % Correct
Canis lupus Gray wolf
93%
Panthera leo Lion
93%
Panthera tigris Tiger
93%
Acinonyx jubatus Cheetah
91%
Bison bison American bison
88%
Alces alces Moose (North America)/Elk (British)
86%
Balaenoptera musculus Blue whale
82%
Pan troglodytes Chimpanzee
81%
Falco peregrinus Peregrine falcon
81%
Struthio camelus Ostrich
78%
Ursus maritimus Polar bear
76%
Carcharodon carcharias Great white shark
75%
Panthera onca Jaguar
73%
Crocodylus niloticus Nile crocodile
73%
Architeuthis spp. Giant squid
71%
Crocodylus porosus Saltwater crocodile
67%
Cervus canadensis Elk
63%
Dendrobatidae (family) Poison dart frog
63%
Haliaeetus leucocephalus Bald eagle
55%
Andrias davidianus Chinese giant salamander
55%
Ailuropoda melanoleuca Giant panda
53%
Galeocerdo cuvier Tiger shark
42%
Vespa mandarinia Asian giant hornet
38%
Anodorhynchus hyacinthinus Hyacinth macaw
38%
Felis margarita Sand cat
38%
Sphyrna mokarran Great hammerhead shark
37%
Macrocheira kaempferi Japanese spider crab
32%
Pygocentrus nattereri Red-bellied piranha
32%
Rafetus swinhoei Yangtze giant softshell turtle
24%
Heterometrus swammerdami Indian giant forest scorpion
14%
No matching quizzes found
Score Distribution
Percent of People with Each Score
Percentile by Number Answered
Your Score History
You have not taken this quiz since the last reset